[Event "36th Open"]
[Site "Seville ESP"]
[Date "2011.01.07"]
[Round "1"]
[White "Santos Ruiz,Miguel"]
[Black "Saric,A"]
[Result "0-1"]
[WhiteElo "1866"]
[BlackElo "2482"]

1.e4 c5 2.Nf3 e6 3.d4 cxd4 4.Nxd4 a6 5.Nc3 b5 6.Bd3 Bb7 7.O-O Nc6 8.Nb3 Nf6
9.f4 d6 10.a3 Be7 11.Be3 O-O 12.Qe1 e5 13.Rd1 Ng4 14.Bc1 exf4 15.Bxf4 Bg5
16.Qg3 Bxf4 17.Qxg4 Be5 18.Qe2 Rc8 19.Qd2 Na5 20.Nxa5 Bxc3 21.bxc3 Qxa5 22.c4 Qxd2
23.Rxd2 bxc4 24.Be2 Bxe4 25.Rxd6 Bxc2 26.Rc1 Bb3 27.Rd4 Rc7 28.Rc3 a5 29.Bxc4 a4
30.Rf4 g6 31.Kf2 Kg7 32.Ke3 Rfc8 33.Kd3 f5 34.h4 Rc5 35.Rd4 R8c7 36.Rc1 h6
37.g3 g5 38.hxg5 hxg5 39.Rc3 g4 40.Rf4 Kf6 41.Rd4 Bxc4+ 42.Rcxc4 Rxc4 43.Rxc4 Rxc4
44.Kxc4 f4 45.Kd4 f3  0-1

[Event "36th Open"]
[Site "Seville ESP"]
[Date "2011.01.07"]
[Round "1"]
[White "Estevez Fernandez,J"]
[Black "Gonzalez Garcia,J2"]
[Result "0-1"]
[WhiteElo "1879"]
[BlackElo "2503"]

1.e4 c5 2.Nf3 e6 3.d4 cxd4 4.Nxd4 a6 5.Nc3 Qc7 6.Bd3 Nf6 7.Qe2 Bd6 8.f4 Bxf4
9.Bxf4 Qxf4 10.Rf1 Qxh2 11.O-O-O Nc6 12.Nxc6 bxc6 13.e5 Nd5 14.Nxd5 cxd5
15.Rf3 d6 16.Rdf1 Qxe5 17.Qxe5 dxe5 18.Rxf7 e4 19.Be2 Rg8 20.Bh5 Kd8 21.Rf8+ Rxf8
22.Rxf8+ Kc7 23.Rf7+ Kb6 24.Rxg7 Ra7 25.Rxa7 Kxa7 26.Bf7 Kb6 27.c3 Kc5 28.Kd2 e5
29.Bg8 h6 30.Ke3 Bb7 31.g3 d4+ 32.Kd2 Bd5 33.Bxd5 Kxd5 34.a3 Kc4 35.g4 Kb3
36.Ke2  0-1

[Event "XX Keres Mem Rapid Prelim"]
[Site "Tallinn EST"]
[Date "2011.01.07"]
[Round "1"]
[White "Sarv,A"]
[Black "Miezis,N"]
[Result "0-1"]
[WhiteElo "2095"]
[BlackElo "2546"]

1.e4 c5 2.Nf3 e6 3.d4 cxd4 4.Nxd4 a6 5.Nc3 Qc7 6.Bd3 Nc6 7.Nxc6 dxc6 8.O-O Nf6
9.Qe2 e5 10.f4 Bd6 11.f5 h5 12.a3 b5 13.Bg5 Bb7 14.a4 Bc5+ 15.Be3 Qb6 16.Bxc5 Qxc5+
17.Kh1 Ke7 18.axb5 axb5 19.Qf3 Qd4 20.Rad1 Qc5 21.Ra1 Rad8 22.Qf2 Qxf2 23.Rxf2 Ra8
24.Rff1 h4 25.Kg1 Rhd8 26.h3 Nh5 27.Ne2 Kf6 28.Kf2 c5 29.Bxb5 Bxe4 30.c3 Bxf5
31.Ke3 g5 32.b4 cxb4 33.cxb4 Nf4 34.Rxa8 Rxa8 35.Nc3 Nxg2+ 36.Kd2 Nf4 37.Bc6 Rd8+
38.Ke1 Rd3 39.Nb5 Rb3 40.Nc7 Rb1+ 41.Kf2 Nxh3+ 42.Ke2 Nf4+ 43.Kf2 Rxb4  0-1

[Event "36th Open"]
[Site "Seville ESP"]
[Date "2011.01.08"]
[Round "2"]
[White "Haslinger,S"]
[Black "Camacho Calle,P"]
[Result "1-0"]
[WhiteElo "2536"]
[BlackElo "2092"]

1.e4 c5 2.Nf3 e6 3.d4 cxd4 4.Nxd4 a6 5.Nc3 Qc7 6.Bd3 Nf6 7.O-O d6 8.f4 b5
9.Qe2 Nbd7 10.Kh1 Bb7 11.Bd2 Be7 12.b4 g6 13.a4 bxa4 14.Rxa4 O-O 15.Nb3 d5
16.e5 Ne4 17.Nxe4 dxe4 18.Bxe4 Bxe4 19.Qxe4 Nb6 20.Ra2 Rfc8 21.Rfa1 Qc4 22.Qxc4 Nxc4
23.b5 Nxd2 24.Nxd2 Bb4 25.Ne4 a5 26.g3 Rab8 27.Rb1 Rc4 28.Nd6 Bxd6 29.exd6 a4
30.Rba1 Rxb5 31.Rxa4 Rxa4 32.Rxa4 Rd5 33.Ra6 Kf8 34.c4 Rd2 35.Ra8+  1-0

[Event "Australian Open"]
[Site "Cammeray AUS"]
[Date "2011.01.09"]
[Round "7.1"]
[White "Canfell,G"]
[Black "Ikeda,J"]
[Result "1-0"]
[WhiteElo "2297"]
[BlackElo "2262"]

1.e4 c5 2.Nf3 e6 3.d4 cxd4 4.Nxd4 a6 5.Nc3 Qc7 6.Bd3 Nf6 7.f4 d6 8.O-O b5
9.Kh1 Nbd7 10.e5 dxe5 11.fxe5 Qxe5 12.Nf5 Bb7 13.Bf4 Qc5 14.Qe2 g6 15.Ng3 Be7
16.a4 b4 17.Nce4 Nxe4 18.Bxe4 Bxe4 19.Nxe4 Qc6 20.Qf3 Rc8 21.Rad1 f5 22.Nd6+ Bxd6
23.Bxd6 Qxf3 24.gxf3 Rxc2 25.Bxb4 Nf6 26.Rd6 Nd5 27.Rxa6 Kf7 28.Bd6 Rhc8
29.Ra7+ Kf6 30.f4 e5 31.Bxe5+ Ke6 32.Rxh7 Ne3 33.Rg1 g5 34.Rh6+ Kd5 35.Rd6+ Ke4
36.Rd4+ Kf3 37.fxg5 Ng4 38.Rf4+ Ke3 39.Rg3+ Ke2 40.Rg2+ Kd3 41.Bc3 Rc1+ 42.Rg1 Rc2
43.Rfxg4 fxg4 44.g6 Rc5 45.Rg3+ Ke4 46.Rxg4+ Kf3 47.Rg3+ Kf4 48.g7 Rh5 49.g8=Q  1-0

[Event "1st HDBank Cup"]
[Site "Ho Chi Minh City VIE"]
[Date "2011.01.09"]
[Round "9.14"]
[White "Li Hanbin"]
[Black "Laylo,D"]
[Result "1-0"]
[WhiteElo "2321"]
[BlackElo "2516"]

1.e4 c5 2.Nf3 e6 3.d4 cxd4 4.Nxd4 a6 5.Nc3 Qc7 6.g3 Nf6 7.Bg2 Nc6 8.O-O Be7
9.Re1 Nxd4 10.e5 Nb5 11.exf6 gxf6 12.Nxb5 axb5 13.Qg4 Bf8 14.c3 Qc4 15.Qf3 Be7
16.b3 Qc6 17.Qd3 d5 18.Bh6 f5 19.a4 Ra5 20.axb5 Qxb5 21.c4 Rxa1 22.cxb5 Rxe1+
23.Bf1 Bf6 24.Bd2 Re4 25.f3 Rd4 26.Qc3 O-O 27.Be3 e5 28.Bxd4 exd4 29.Qc7 Kg7
30.b6 Re8 31.Bb5 Rd8 32.Kf1 h5 33.Ke2 Kg6 34.h4 Kg7 35.Kd2 Kg6 36.Qf4 Kg7
37.Bd3 Bd7 38.Bxf5 Bc6 39.Bd3 Ra8 40.Qf5 Ra2+ 41.Kc1 Rg2 42.g4 Bxh4 43.Qxh5 Bf2
44.Qh7+ Kf8 45.Kb2 Bh4+ 46.Ka3 Bf6 47.b4 Ke7 48.Qh1  1-0

[Event "9th Parsvnath Open"]
[Site "New Delhi IND"]
[Date "2011.01.09"]
[Round "3.39"]
[White "Ramalingam,K"]
[Black "Stefansson,H"]
[Result "0-1"]
[WhiteElo "2046"]
[BlackElo "2580"]

1.e4 c5 2.Nf3 e6 3.d4 cxd4 4.Nxd4 a6 5.Nc3 b5 6.Bd3 d6 7.O-O Bb7 8.a3 Nf6
9.Be3 Nbd7 10.f4 Rc8 11.g4 Rxc3 12.bxc3 Nxe4 13.Bxe4 Bxe4 14.a4 bxa4 15.Rxa4 Bb7
16.Nf3 Be7 17.Qe2 O-O 18.Rb1 Qc8 19.Kf2 Nf6 20.Rc4 Qd7 21.h3 Ne4+ 22.Rxe4 Bxe4
23.Qxa6 Rc8 24.Bd4 Qd8 25.Bb6 Qe8 26.Bd4 Bxc2 27.Rb7 Bf8 28.Ng5 Bg6 29.h4 e5
30.f5 exd4 31.fxg6 Qe3+ 32.Kg2 Rxc3  0-1

[Event "36th Open"]
[Site "Seville ESP"]
[Date "2011.01.09"]
[Round "3"]
[White "Campora Perez,D"]
[Black "Gonzalez Garcia,J2"]
[Result "0-1"]
[WhiteElo "2172"]
[BlackElo "2503"]

1.e4 c5 2.Nf3 e6 3.d4 cxd4 4.Nxd4 a6 5.Nc3 Qc7 6.a3 Nf6 7.Be2 b5 8.O-O Bb7
9.Bd3 d6 10.f4 Nbd7 11.Qe2 g6 12.f5 gxf5 13.exf5 e5 14.Bxb5 axb5 15.Ncxb5 Qb6
16.Be3 Nd5 17.Rf2 Nxe3 18.Qxe3 Nf6 19.Qe2 Ne4  0-1

[Event "XX Keres Mem Rapid"]
[Site "Tallinn EST"]
[Date "2011.01.09"]
[Round "4"]
[White "Shirov,A"]
[Black "Miezis,N"]
[Result "1-0"]
[WhiteElo "2722"]
[BlackElo "2546"]

1.e4 c5 2.Nf3 e6 3.d4 cxd4 4.Nxd4 a6 5.Nc3 Qc7 6.Bd3 Nc6 7.Nxc6 dxc6 8.O-O e5
9.f4 Nf6 10.Kh1 Bd6 11.f5 h5 12.Be3 Qe7 13.Qf3 Ng4 14.Bb6 Bc5 15.Na4 Bxb6
16.Nxb6 Rb8 17.a4 a5 18.Qg3 Qc5 19.Nc4 b6 20.Nd2 Kf8 21.Nf3 Bb7 22.h3 Rh6
23.hxg4 hxg4+ 24.Nh4 Bc8 25.Be2  1-0

[Event "9th Parsvnath Open"]
[Site "New Delhi IND"]
[Date "2011.01.11"]
[Round "6"]
[White "Grover,S"]
[Black "Lenic,L"]
[Result "1/2-1/2"]
[WhiteElo "2462"]
[BlackElo "2613"]

1.e4 c5 2.Nf3 e6 3.d4 cxd4 4.Nxd4 a6 5.Nc3 Qc7 6.Bd3 Nc6 7.Nxc6 dxc6 8.O-O e5
9.f4 Nf6 10.f5 Bc5+ 11.Kh1 h6 12.Qf3 b5 13.a4 Bb7 14.Bd2 Be7 15.Be3 O-O 16.Bf2 Rad8
17.Bh4 Nh7 18.Bg3 Nf6 19.Bh4 Nh7 20.Bg3 Nf6 21.Bh4  1/2-1/2

[Event "36th Open"]
[Site "Seville ESP"]
[Date "2011.01.11"]
[Round "5"]
[White "Campora Perez,D"]
[Black "Paunovic,D"]
[Result "0-1"]
[WhiteElo "2172"]
[BlackElo "2509"]

1.e4 c5 2.Nf3 e6 3.d4 cxd4 4.Nxd4 a6 5.Nc3 Qc7 6.Be2 Nf6 7.O-O Be7 8.Kh1 O-O
9.f4 d6 10.a4 Nc6 11.Be3 Bd7 12.Qe1 Nb4 13.Qg3 Kh8 14.Rad1 Rac8 15.Bc1 d5
16.e5 Ne4 17.Nxe4 dxe4 18.f5 exf5 19.c3 Nd3 20.Bxd3 exd3 21.Rxd3 g6 22.Bh6 Rfd8
23.Re3 Be6 24.Bg5 Re8 25.Bh6 Rcd8 26.Qf4 Rg8 27.Bg5 Rde8 28.Nf3 f6 29.exf6 Qxf4
30.Bxf4 Bxf6 31.Rfe1 Bd7 32.a5 Rxe3 33.Rxe3 Bc6 34.Be5 Kg7 35.Kg1 Bxf3 36.gxf3 Rd8
37.Bxf6+ Kxf6 38.Kf2 g5 39.c4 Rd2+ 40.Re2 Rd4 41.Rc2 Ke5 42.Ke3 Rh4 43.Kd3 Rh3
44.Rf2 g4 45.b4 Rxf3+ 46.Rxf3 gxf3 47.Ke3 f2 48.Kxf2 Kd4  0-1

[Event "9th Parsvnath Open"]
[Site "New Delhi IND"]
[Date "2011.01.12"]
[Round "7"]
[White "Navin,K"]
[Black "Zherebukh,Y"]
[Result "0-1"]
[WhiteElo "2383"]
[BlackElo "2565"]

1.e4 c5 2.Nf3 e6 3.d4 cxd4 4.Nxd4 a6 5.Nc3 Nf6 6.Be3 d6 7.h3 b5 8.g4 h6 9.a3 Bb7
10.Bg2 Nbd7 11.O-O Rc8 12.Re1 g5 13.Nde2 Ne5 14.Ng3 Be7 15.Qe2 h5 16.gxh5 g4
17.hxg4 Nfxg4 18.Bd4 Rg8 19.Qd2 Bf8 20.Bxe5 dxe5 21.Qxd8+ Rxd8 22.Bf3 Rd2
23.Re2 Rxe2 24.Ncxe2 Bc5 25.Kg2 Bxf2 26.Bxg4 Bxg3 27.Nxg3 Rxg4 28.Kh3 Rf4
29.Re1 Kf8 30.Re3 Kg7 31.b3 Kh6 32.c4 Kg5 33.cxb5 axb5 34.Kh2 Rh4+ 35.Kg1 Kf4
36.Rc3 f5 37.a4 b4 38.Rc7 Kxg3 39.Rg7+ Kf3 40.Rxb7 Rxe4 41.a5 Rg4+ 42.Kh2 Rh4+
43.Kg1 Rxh5 44.a6 Rh8 45.Rxb4 e4 46.a7 Ra8 47.Ra4 e3 48.Kf1 f4 49.b4 Kg3
50.Ra3 f3 51.Rxe3 Rxa7  0-1

[Event "Magic Valley IM"]
[Site "Rodatychi UKR"]
[Date "2011.01.12"]
[Round "4"]
[White "Korchmar,V"]
[Black "Grekh,A"]
[Result "1/2-1/2"]
[WhiteElo "2216"]
[BlackElo "2368"]

1.e4 c5 2.Nf3 e6 3.d4 cxd4 4.Nxd4 a6 5.Nc3 b5 6.Bd3 Bb7 7.O-O Qb6 8.Nb3 Qc7
9.f4 d6 10.a3 Nc6 11.Be3 Nf6 12.Qe2 Be7 13.Rae1 O-O 14.g4 b4 15.axb4 Nxb4
16.g5 Nd7 17.Qh5 g6 18.Qh3 Nc5 19.Nxc5 dxc5 20.f5 Nxd3 21.cxd3 exf5 22.exf5 Bd6
23.Ne4 Bxe4 24.dxe4 Rfe8 25.Bd2 Be5 26.Bc3 Bxc3 27.bxc3 Qe5 28.Qh6 Qg7 29.Qxg7+ Kxg7
30.f6+ Kg8 31.e5 a5 32.Re4 a4 33.Ra1 a3 34.c4 h6 35.Re3 a2 36.Re2 hxg5 37.Raxa2 Kf8
38.Rxa8 Rxa8 39.Rd2 Ke8 40.Rd5 Ra2 41.Rxc5 Kd7 42.Rb5 Ke6  1/2-1/2

[Event "36th Open"]
[Site "Seville ESP"]
[Date "2011.01.12"]
[Round "6"]
[White "Starostits,I"]
[Black "Piasetski,L"]
[Result "1-0"]
[WhiteElo "2494"]
[BlackElo "2303"]

1.e4 c5 2.Nc3 e6 3.Nf3 a6 4.d4 cxd4 5.Nxd4 b5 6.Bd3 Qb6 7.Nb3 Qc7 8.Qe2 Bb7
9.Bd2 Nc6 10.f4 Nge7 11.O-O Ng6 12.e5 Be7 13.a4 bxa4 14.Rxa4 Nb4 15.Be4 O-O
16.Kh1 Rfc8 17.f5 exf5 18.Bxf5 Bc6 19.Raa1 Re8 20.Na5 Bf8 21.Bxg6 fxg6 22.Qc4+ Re6
23.Nxc6 Qxc6 24.Rxf8+ Rxf8 25.Qxb4 Rxe5 26.Qd4 Ref5 27.Be3 Rf1+ 28.Rxf1 Rxf1+
29.Bg1 h6 30.h3 Kh7 31.Nd5 Rb1 32.c4 Qd6 33.b4 Qg3 34.b5 a5 35.c5 Qe1 36.c6 dxc6
37.bxc6 Rc1 38.c7 Qe6 39.Qd2 Qc6 40.Qxa5 Qc2 41.Qa7 Qc6 42.Qd4 Qd6 43.Qe3 Qc6
44.Qd3 Qc5 45.Qe3 Qc6 46.Qd4 Qd6 47.h4 h5 48.Qe3 Qc6 49.Kh2 Rc4 50.Qg5 Rg4
51.Qd8 Qc4 52.c8=Q Rxh4+ 53.Qxh4 Qxh4+ 54.Qh3  1-0

[Event "TCh-SWE Elitserien 2010-11"]
[Site "Sweden SWE"]
[Date "2011.01.15"]
[Round "6"]
[White "Andersson,Johan"]
[Black "Eklund,J"]
[Result "0-1"]
[WhiteElo "2117"]
[BlackElo "2234"]

1.e4 c5 2.Nf3 e6 3.Nc3 a6 4.d4 cxd4 5.Nxd4 Qc7 6.g3 Bb4 7.Ne2 Be7 8.Bg2 Nf6
9.O-O d6 10.h3 Nc6 11.f4 Bd7 12.Be3 b5 13.g4 h6 14.Ng3 g6 15.Qe1 Rc8 16.Nd5 exd5
17.exd5 Nb8 18.Bd4 Kf8 19.g5 hxg5 20.fxg5 Qxc2 21.gxf6 Bd8 22.Rc1 Qxc1 23.Qxc1 Rxc1
24.Rxc1 Rh4 25.Ba7 Bxf6 26.Bxb8 Be5 27.Ne4 Bxh3 28.Bxh3 Rxe4 29.Rc2 Ke7 30.b3 Bd4+
31.Kf1 Bc5 32.Rxc5 dxc5 33.d6+ Ke8 34.d7+ Kd8 35.Ba7 Rf4+ 36.Ke2 Rf6 37.Bxc5 Rc6
38.Bb4 Re6+ 39.Kd3 f5  0-1

[Event "TCh-SVK Extraliga 2010-11"]
[Site "Michalovce CZE"]
[Date "2011.01.16"]
[Round "4.5"]
[White "Jurcik,Mart"]
[Black "Gerbery,R"]
[Result "1/2-1/2"]
[WhiteElo "2378"]
[BlackElo "2179"]

1.e4 c5 2.Nf3 e6 3.d4 cxd4 4.Nxd4 a6 5.Nc3 Qc7 6.g3 Bb4 7.Bd2 Nf6 8.Bg2 Nc6
9.Nb3 Be7 10.O-O d6 11.a4 Ne5 12.Kh1 Nc4 13.Bc1 Bd7 14.Nd4 Rc8 15.f4 h6 16.h3 Nh7
17.Nce2 Bf6 18.b3 Na5 19.Ba3 Be7 20.c4 Nc6 21.Qd3 O-O 22.Nc2 Rfd8 23.Ne3 Be8
24.Bb2 Qb8 25.Ng4 Bf8 26.Nd4 Nb4 27.Qc3 d5 28.exd5 Nxd5 29.Bxd5 Rxd5 30.Nxh6+ Kh8
31.Ng4 Rh5 32.Ne5 b5 33.axb5 axb5 34.Qf3 f6 35.Nd7 Qd6 36.Nxf8 Nxf8 37.Nxb5 Qb8
38.Kh2 Rh6 39.Nd4 Rd8 40.Rfd1 Qc8 41.Nb5 Rxd1 42.Qxd1 e5 43.g4 Ne6 44.Bc1 exf4
45.Nd6 Qc5 46.Ne4 Qe5 47.Ra8 Qxe4 48.Rxe8+ Kh7 49.Rxe6 Qxe6 50.Bxf4 g5 51.Bg3 Kg7
52.Qf3 Rh8 53.c5  1/2-1/2

[Event "ch-BLR w"]
[Site "Minsk BLR"]
[Date "2011.01.17"]
[Round "2.3"]
[White "Homiakova,El"]
[Black "Sharevich,A"]
[Result "0-1"]
[WhiteElo "2157"]
[BlackElo "2332"]

1.e4 c5 2.Nf3 e6 3.Nc3 a6 4.d4 cxd4 5.Nxd4 Qc7 6.Be2 b5 7.O-O Nc6 8.Re1 Bb7
9.Nxc6 dxc6 10.e5 Rd8 11.Bd3 c5 12.Qe2 Ne7 13.Bg5 h6 14.Bh4 Rd4 15.Bg3 c4
16.Be4 Bxe4 17.Nxe4 Nf5 18.a4 Nxg3 19.Nxg3 Be7 20.axb5 axb5 21.Ra8+ Rd8 22.Rea1 Rxa8
23.Rxa8+ Bd8 24.Nh5 O-O 25.Ra3 g6 26.Rg3 Bh4 27.Rh3 Ra8 28.Qe1 Qxe5 29.Qb1 Qxh5
30.g3 Qf3 31.Rxh4 Rd8  0-1

[Event "3rd Chennai Open"]
[Site "Chennai IND"]
[Date "2011.01.18"]
[Round "1"]
[White "Areshchenko,A"]
[Black "Zeng,C"]
[Result "1/2-1/2"]
[WhiteElo "2671"]
[BlackElo "2377"]

1.e4 c5 2.Nf3 e6 3.d4 cxd4 4.Nxd4 a6 5.Nc3 b5 6.Bd3 Qb6 7.Nf3 Nc6 8.O-O Bb7
9.Qe2 Nge7 10.e5 Ng6 11.Bxg6 hxg6 12.Rd1 Nb4 13.a4 bxa4 14.Nxa4 Qb5 15.c4 Bxf3
16.Qxf3 Qc6 17.Qe2 Rh4 18.f4 d6 19.g3 Rh5 20.exd6 Bxd6 21.Be3 Rb8 22.Rd2 Be7
23.b3 a5 24.Ba7 Rb7 25.Bf2 Na6 26.Rd3 Nb4 27.Rf3 Na6 28.g4 Rh8 29.Rd1 f6
30.Re3 Kf7 31.Re1 Nc7 32.f5 e5 33.fxg6+ Kxg6 34.g5 Ne6 35.gxf6 Bxf6 36.Qg4+ Kf7
37.Rg3 Nf4 38.Nc5 Rh4 39.Qf5 Rh5 40.Qc2 Rb8 41.Nd3 Rxh2 42.Nxe5+ Bxe5 43.Qf5+ Bf6
44.Re4 Re8 45.Rge3 Rxe4 46.Rxe4 Rxf2 47.Kxf2 Qc5+ 48.Qxc5 Nd3+ 49.Kg3 Nxc5
50.Re3 Bd4 51.Rf3+ Ke6 52.Kf4 Bf6 53.Re3+ Kd6 54.Kf5 Kc6 55.Rh3 Nb7 56.Kg6 Nc5
57.Kf5 Kd6 58.Re3 Nd7 59.Rd3+ Kc6 60.Rh3 Nb8 61.Re3 Kc5 62.Rd3 Nc6 63.Rd5+ Kb4
64.Rb5+ Kc3 65.Kg6 Be5 66.Kf5 Kd3 67.Ke6 Bc3 68.Kd7 Nd4 69.Rd5 Ke4 70.Rg5 Nxb3
71.c5 Nxc5+ 72.Rxc5 Kd3 73.Rc8 Kc2 74.Ra8 Kb3 75.Rb8+ Ka3 76.Kc6 a4 77.Kc5 Ka2
78.Kc4 Bb2 79.Rh8 Kb1 80.Rh1+ Bc1 81.Rg1 g5 82.Rg2 a3 83.Kb3 g4 84.Rxg4  1/2-1/2

[Event "3rd Chennai Open"]
[Site "Chennai IND"]
[Date "2011.01.19"]
[Round "3"]
[White "Nimmy,A"]
[Black "Anuprita,P"]
[Result "1-0"]
[WhiteElo "2208"]
[BlackElo "2058"]

1.e4 c5 2.Nf3 e6 3.d4 cxd4 4.Nxd4 a6 5.Nc3 Qc7 6.a3 Nf6 7.Be2 Nc6 8.Be3 Be7
9.O-O O-O 10.Kh1 d6 11.f4 Bd7 12.Qe1 Nxd4 13.Bxd4 Bc6 14.Bf3 Rad8 15.Qg3 Rd7
16.Rae1 g6 17.f5 e5 18.Be3 Re8 19.Qh3 Bd8 20.Bg5 Kg7 21.Qh6+ Kh8 22.Qh4 Kg7
23.Be2 Ng8 24.f6+ Kh8  1-0

[Event "3rd Chennai Open"]
[Site "Chennai IND"]
[Date "2011.01.21"]
[Round "5"]
[White "Annurudha,G"]
[Black "Siddharth,R"]
[Result "0-1"]
[WhiteElo "2166"]
[BlackElo "2458"]

1.e4 c5 2.Nc3 e6 3.Nf3 a6 4.d4 cxd4 5.Nxd4 d6 6.a4 Nf6 7.Be2 Nbd7 8.O-O Nc5
9.Bf3 Qc7 10.Bg5 Be7 11.Qd2 h6 12.Be3 g5 13.g3 Ncd7 14.Be2 b6 15.f4 gxf4
16.gxf4 Bb7 17.Bf3 Nc5 18.e5 Rg8+ 19.Kh1 dxe5 20.fxe5 Ng4 21.Rae1 O-O-O 22.Qe2 Bh4
23.Nc6 Qxc6 24.Bxc5 Qxf3+ 25.Rxf3 Rd2 26.Ne4 Rxe2 27.Rxe2 Nxe5 28.Rc3 bxc5
29.Rxc5+ Kb8 30.Rxe5 Bf6  0-1

[Event "3rd Chennai Open"]
[Site "Chennai IND"]
[Date "2011.01.21"]
[Round "6"]
[White "Kravtsiv,M"]
[Black "Prakash,G"]
[Result "1-0"]
[WhiteElo "2566"]
[BlackElo "2346"]

1.e4 c5 2.Nf3 e6 3.d4 cxd4 4.Nxd4 a6 5.Nc3 Qc7 6.Bd3 Nf6 7.O-O Bc5 8.Nb3 Be7
9.f4 d6 10.Qf3 b5 11.Bd2 Bb7 12.Rae1 Nbd7 13.Kh1 b4 14.Nd1 d5 15.e5 Ne4 16.Nf2 Nxd2
17.Nxd2 g6 18.Nb3 h5 19.Nh3 Qb6 20.Qe2 a5 21.Bb5 a4 22.Nc1 Ra5 23.Bxd7+ Kxd7
24.Nd3 Rc8 25.f5 gxf5 26.Qxh5 Rxc2 27.Qxf7 Ba6 28.Nhf4 Bxd3 29.Nxd3 b3 30.axb3 axb3
31.h3 Ra4 32.Ra1 Rxa1 33.Rxa1 Qe3 34.Kh2 Rd2 35.Ra8 Rxg2+ 36.Kxg2 Qe4+ 37.Kg1 Qe3+
38.Nf2  1-0

[Event "Belgrade Individual 2011"]
[Site "Belgrade SRB"]
[Date "2011.01.22"]
[Round "1.6"]
[White "Velickovic,Sa"]
[Black "Todorovic,Zoran D"]
[Result "1-0"]
[WhiteElo "2418"]
[BlackElo "2006"]

1.e4 c5 2.Nf3 e6 3.d4 cxd4 4.Nxd4 a6 5.Nc3 b5 6.Be2 Bb7 7.Bf3 Qc7 8.O-O Be7
9.Re1 d6 10.a4 bxa4 11.Nxa4 Nd7 12.Re3 Rc8 13.Rc3 Qb8 14.Rb3 Qa8 15.Nb6 Nxb6
16.Rxb6 Bxe4 17.Raxa6 Qd5 18.Bxe4 Qxe4 19.Rc6 Rd8 20.Rc7 Nf6 21.Rxe7+ Kxe7
22.Nc6+ Kd7 23.Nxd8 Kxd8 24.Qxd6+ Nd7 25.Be3 Rf8 26.Ra7  1-0

[Event "TCh-CZE 2010-11"]
[Site "Czech Rep CZE"]
[Date "2011.01.23"]
[Round "7.7"]
[White "Jasny,S"]
[Black "Zurek,M"]
[Result "1-0"]
[WhiteElo "2351"]
[BlackElo "2367"]

1.e4 c5 2.Nf3 e6 3.d4 cxd4 4.Nxd4 a6 5.Nc3 Qc7 6.Bd3 b5 7.O-O Bb7 8.Re1 b4
9.Nd5 exd5 10.exd5+ Ne7 11.Nf5 Bxd5 12.Be4 Bxe4 13.Nd6+ Kd8 14.Nxf7+ Ke8
15.Nd6+ Kd8 16.Rxe4 Rg8 17.Bf4 Qb6 18.Qh5 g6 19.Qxh7  1-0

[Event "TCh-BEL 2010-11"]
[Site "Fontaine-l'Eveque BEL"]
[Date "2011.01.23"]
[Round "7.8"]
[White "Costa,Se"]
[Black "Cappon,J"]
[Result "0-1"]
[WhiteElo "1953"]
[BlackElo "2242"]

1.e4 c5 2.Nf3 e6 3.d4 cxd4 4.Nxd4 a6 5.Nc3 Qc7 6.Bd3 Nc6 7.Nxc6 dxc6 8.O-O e5
9.Kh1 Nf6 10.Bg5 Be7 11.Qe1 h6 12.Bd2 Be6 13.f4 g5 14.f5 Bc8 15.a4 b6 16.a5 b5
17.Be3 Bb7 18.Bb6 Qc8 19.Rd1 Nd7 20.Be2 Nxb6 21.axb6 Bc5 22.Qg3 f6 23.Qh3 Ke7
24.Bh5 Bxb6 25.Na4 bxa4 26.Qa3+ c5 27.Qxa4 Qc6 28.Qc4 Rhf8 29.Rd2 Rad8 30.Rxd8 Kxd8
31.Rd1+ Kc7 32.Qe6 Kb8 33.h3 Rd8 34.Rxd8+ Bxd8 35.Qg8 Qd6 36.Bf3 Ka7 37.Qh8 c4
38.Qg8 Bxe4 39.Qxc4  0-1

[Event "ch-AZE"]
[Site "Baku AZE"]
[Date "2011.01.27"]
[Round "7.2"]
[White "Bajarani,U"]
[Black "Mamedov,Nid"]
[Result "1/2-1/2"]
[WhiteElo "2393"]
[BlackElo "2580"]

1.e4 c5 2.Nf3 e6 3.d4 cxd4 4.Nxd4 a6 5.Nc3 Qc7 6.Be2 b5 7.O-O Bb7 8.Re1 Nc6
9.Nxc6 dxc6 10.e5 Bb4 11.Qd4 c5 12.Qg4 Ne7 13.Bd3 c4 14.Be4 Bxe4 15.Qxe4 Qc6
16.Qg4 Nf5 17.Bg5 h6 18.Bf4 O-O-O 19.a4 Rd4 20.axb5 axb5 21.Nxb5 Qxb5 22.c3 Qb7
23.cxd4 Bxe1 24.Rxe1 Rd8 25.Be3 Qxb2 26.d5 Qc3 27.Rc1 Nxe3 28.Rxc3 Nxg4 29.Rxc4+ Kb7
30.Rb4+ Kc8 31.Rc4+ Kb7 32.Rb4+  1/2-1/2

[Event "Oceania Zonal"]
[Site "Rotorua NZL"]
[Date "2011.01.28"]
[Round "5.5"]
[White "Stevens,T"]
[Black "Ly,Mo"]
[Result "0-1"]
[WhiteElo "2050"]
[BlackElo "2321"]

1.e4 c5 2.Nf3 e6 3.d4 cxd4 4.Nxd4 a6 5.Nc3 Qc7 6.f4 d6 7.Qf3 Nc6 8.Be3 Nf6
9.g4 Be7 10.O-O-O O-O 11.g5 Nd7 12.h4 Nxd4 13.Bxd4 b5 14.Rg1 Bb7 15.Qh3 e5
16.Be3 exf4 17.Bxf4 Rac8 18.Rd2 Nc5 19.Nd5 Bxd5 20.exd5 Rfe8 21.Bd3 g6 22.h5 Bf8
23.Rh1 Nxd3+ 24.Qxd3 Qc4 25.Qxc4 Rxc4 26.Rf2 Rd4 27.hxg6 fxg6 28.Rd1 Ree4
29.Rdf1 Be7 30.Bd2 Rxd5 31.Rf7 Rf5 32.R1xf5 gxf5 33.Rxf5 Re5 34.Rxe5 dxe5
35.Kd1 Kf7 36.Ke2 Kg6 37.Bc3 Kf5 38.Kf3 Bxg5 39.Be1 h5 40.b3 h4 41.c4 bxc4
42.bxc4 h3 43.Ba5 Bf4 44.c5 e4+ 45.Kf2 Ke6 46.c6 e3+ 47.Kf3 h2 48.Kxf4 h1=Q
49.c7 Kd7 50.Kxe3 Qa1  0-1

[Event "TCh-CAT Div Hon"]
[Site "Barcelona ESP"]
[Date "2011.01.29"]
[Round "1"]
[White "Heredia Tarrats,A"]
[Black "Lopez Agustench,E"]
[Result "1/2-1/2"]
[WhiteElo "2145"]
[BlackElo "2255"]

1.e4 c5 2.Nf3 e6 3.d4 cxd4 4.Nxd4 a6 5.Nc3 Qc7 6.Be3 Bb4 7.Qd2 Nf6 8.f3 d5
9.exd5 Nxd5 10.Nde2 Nxe3 11.Qxe3 O-O 12.O-O-O Nc6 13.Nf4 Bxc3 14.bxc3 Qe5
15.Qxe5 Nxe5 16.Nd3 Nd7 17.Be2 Ra7 18.f4 b5 19.Nb4 Rc7 20.Rd6 Nc5 21.Rhd1 Bb7
22.g3 g6 23.R1d4 Rfc8 24.Rd8+ Rxd8 25.Rxd8+ Kg7 26.c4 a5 27.Nd3 bxc4 28.Ne5 c3
29.Bb5 Bd5 30.a4 f6 31.Ng4 h5 32.Ne3 Bc6 33.Bxc6 Rxc6 34.Ra8 Nxa4 35.Rxa5 Nc5
36.Kb1 Ne4 37.Ka2 Rb6 38.Nc4 Rb4 39.Ra7+ Kh6 40.Rc7 Rb5 41.Rc6 Nd2 42.Na3 Rb2+
43.Ka1 Ne4 44.Rxc3 Rb6 45.Rc8 Nd6 46.Rc7 Ra6 47.Kb2 Rxa3 48.Rc6 Nb5 49.Rc5 Ra6
50.Rxb5 g5 51.fxg5+ fxg5 52.c4 Kg6 53.c5 Kf6 54.Kc3 Ra1 55.Rb2 Ke5 56.Rd2 h4
57.gxh4 gxh4 58.Kc4 Rc1+ 59.Kb5 Ke4 60.c6 Ke3 61.Rd6 e5 62.Rd5 Rb1+ 63.Kc5 e4
64.c7 Rc1+ 65.Kd6 Rxc7 66.Kxc7 Kf3 67.Rf5+ Kg2 68.Rf4 h3 69.Rxe4 Kxh2 70.Kd6 Kg2  1/2-1/2

[Event "16th HIT Open"]
[Site "Nova Gorica SLO"]
[Date "2011.01.29"]
[Round "2"]
[White "Gantar,J"]
[Black "Markus,Rob"]
[Result "0-1"]
[WhiteElo "2155"]
[BlackElo "2617"]

1.e4 c5 2.Nf3 e6 3.Nc3 a6 4.d4 cxd4 5.Nxd4 Qc7 6.g3 Bb4 7.Ne2 Nf6 8.Bg2 Be7
9.O-O Nc6 10.a4 d6 11.h3 O-O 12.g4 h6 13.Ng3 Ne5 14.Qe1 Bd7 15.f4 Ng6 16.Be3 Bc6
17.a5 Rae8 18.Qf2 Nd7 19.Nh5 Bh4 20.Qd2 Nf6 21.f5 exf5 22.Nxg7 Kxg7 23.Bxh6+ Kh7
24.gxf5 Rg8 25.Bg5 Nxe4 26.Qe2 Bxg5 27.Nxe4 Bxe4 28.Bxe4 Nf4 29.f6+ Kh6 30.Qf3 Nh5
31.Ra4 Bf4+ 32.Kf2 Qc5+ 33.Ke1 d5  0-1

[Event "16th HIT Open"]
[Site "Nova Gorica SLO"]
[Date "2011.01.29"]
[Round "3"]
[White "Matijevic,Filip"]
[Black "Ceschia,I"]
[Result "0-1"]
[WhiteElo "1885"]
[BlackElo "2242"]

1.e4 c5 2.Nf3 e6 3.d4 cxd4 4.Nxd4 a6 5.Nc3 Qc7 6.Bd3 Nf6 7.O-O Nc6 8.Nb3 Be7
9.f4 d6 10.Qf3 Bd7 11.Bd2 h5 12.Rae1 Ng4 13.Kh1 Bf6 14.Nd1 a5 15.Bc3 a4 16.Nd2 a3
17.Bxf6 gxf6 18.Bc4 axb2 19.Nxb2 Nd4 20.Qd3 Qc5 21.Nf3 Nxf3 22.Qxf3 Bc6 23.f5 Qe5
24.Qf4 Qxb2 25.fxe6 fxe6 26.Qxd6 Qe5 27.Qxe6+ Qxe6 28.Bxe6 Ke7  0-1

[Event "Frauenbundesliga 1st Div 2010-11"]
[Site "Germany GER"]
[Date "2011.01.30"]
[Round "7.4"]
[White "Schulz,A1"]
[Black "Sharevich,A"]
[Result "0-1"]
[WhiteElo "1819"]
[BlackElo "2332"]

1.e4 c5 2.Nf3 e6 3.d4 cxd4 4.Nxd4 a6 5.Nc3 Qc7 6.Bd3 Nc6 7.Nxc6 dxc6 8.O-O e5
9.f4 Bc5+ 10.Kh1 Nf6 11.Qf3 Bg4 12.Qg3 h5 13.h4 Bd6 14.a4 exf4 15.Bxf4 Bxf4
16.Rxf4 Qe5 17.Qf2 Be6 18.Re1 Ng4 19.Qg3 f6 20.Rf3 Qxg3 21.Rxg3 Kf7 22.Ne2 Ne5
23.Nf4 Bg4 24.c3 Rad8 25.Bf1 Rd2 26.b4 Rhd8 27.Rge3 g5 28.Nh3 Kg6 29.Ng1 Ra2
30.a5 Rdd2 31.hxg5 fxg5 32.Be2 Rac2 33.Nf3 Bxf3 34.gxf3 Kf6 35.Kg1 Ke7 36.Kf1 Ng6
37.Rd1 Nf4 38.Rxd2 Rxd2 39.Bc4 h4 40.Kg1 h3 41.e5 h2+ 42.Kh1 Nh5  0-1

[Event "Moscow Open F Women"]
[Site "Moscow RUS"]
[Date "2011.01.30"]
[Round "2.13"]
[White "Ainutdinova,Y"]
[Black "Ghader Pour,S"]
[Result "1-0"]
[WhiteElo "2073"]
[BlackElo "2212"]

1.e4 c5 2.Nf3 e6 3.d4 cxd4 4.Nxd4 a6 5.Nc3 Qc7 6.a3 Nf6 7.f4 d6 8.Bd3 Nbd7
9.O-O b5 10.Qf3 Be7 11.g4 h6 12.Qh3 Nb6 13.g5 Nfd7 14.g6 Nf6 15.gxf7+ Kxf7
16.Qg3 e5 17.fxe5 dxe5 18.Nf3 Re8 19.Kh1 Kg8 20.Bxh6 Bg4 21.Be3 Bxf3+ 22.Rxf3 Nc4
23.Bxc4+ bxc4 24.Rg1 Bd8 25.Bg5 Nh5 26.Qg4 Bxg5 27.Qxh5 Bf4 28.Rh3 Kf8 29.Qh8+ Ke7
30.Rxg7+ Kd6 31.Rh6+ Bxh6 32.Qxh6+ Re6 33.Qd2+ Kc6 34.Qd5+  1-0

[Event "16th HIT Open"]
[Site "Nova Gorica SLO"]
[Date "2011.01.30"]
[Round "5"]
[White "Mestek,I"]
[Black "Dvirnyy,D"]
[Result "1/2-1/2"]
[WhiteElo "2146"]
[BlackElo "2480"]

1.e4 c5 2.Nf3 e6 3.Nc3 a6 4.d4 cxd4 5.Nxd4 b5 6.g3 Bb7 7.Bg2 Nf6 8.O-O b4
9.e5 Bxg2 10.Kxg2 bxc3 11.exf6 Qxf6 12.bxc3 Bc5 13.Qh5 Bxd4 14.cxd4 O-O 15.Be3 Rc8
16.d5 a5 17.Rfd1 e5 18.Rab1 Rxc2 19.Rb6 d6 20.Rdb1 Nd7 21.Rb7 Qd8 22.Qf5 Rc7
23.Bb6 Nxb6 24.R1xb6 g6 25.Qf3 Rac8 26.h4 Rxb7 27.Rxb7 Rc7 28.Rb5 a4 29.Ra5 Kg7
30.Rxa4 h5 31.Ra6  1/2-1/2